Statistics for Name a Five Letter Word A-Z

Click here to take the quiz!

General Stats

  • This quiz has been taken 88,688 times
  • The average score is 20 of 26

Answer Stats

# PossibleWords% Correct
B621being, began, black + more
96%
C681could, child, cried + more
95%
A513about, after, again + more
93%
D470death, doubt, doing + more
93%
F441first, found, force + more
93%
G433great, going, given + more
91%
H349house, heart, heard + more
91%
L416light, large, least + more
87%
M460might, means, miles + more
87%
E198earth, eight, enter + more
84%
P581place, point, peace + more
84%
S1084shall, still, small + more
84%
N208never, night, north + more
82%
J139judge, joins, joint + more
81%
R434right, round, river + more
81%
T567their, there, these + more
81%
Q56quite, quiet, quick + more
77%
O185other, often, order + more
74%
W303which, would, where + more
73%
I120ideas, image, issue + more
71%
K220kings, knees, kinds + more
71%
U123under, until, usual + more
63%
V167voice, visit, value + more
63%
Y100young, years, youth + more
58%
Z56zebra, zones, zests + more
55%
X13xenon, xenia, xerox + more
37%

Score Distribution

Percentile by Number Answered

Percent of People with Each Score

Your Score History

You have not taken this quiz